Estudios de valuación (Record no. 6470)

MARC details
000 -CABECERA
campo de control de longitud fija 00772nam a2200205 a 4500
001 - NÚMERO DE CONTROL
campo de control BRCA_6787
005 - FECHA Y HORA DE LA ÚLTIMA TRANSACCIÓN
campo de control 20190320205605.0
008 - DATOS DE LONGITUD FIJA--INFORMACIÓN GENERAL
campo de control de longitud fija 311011s1952----mx-ad#####---#000-0#spa-#
041 ## - CÓDIGO DE LENGUA
Código de lengua del texto/banda sonora o título independiente spa
044 ## - CÓDIGO DEL PAÍS DE LA ENTIDAD EDITORA/PRODUCTORA
Código MARC del país mx
050 #4 - SIGNATURA TOPOGRÁFICA DE LA BIBLIOTECA DEL CONGRESO
Número de clasificación HG4028
Número de documento/Ítem .V3 E88
-- 1952
245 10 - MENCIÓN DE TÍTULO
Título Estudios de valuación
Resto del título ponencias que el Comite de México somete a la alta consideración de la 2da. Convención Panamericana de Valuaciones que se efectuará en la ciudad de Santiago, República de Chile, durante los días 12 al 19 de octubre de 1952.
260 ## - PUBLICACIÓN, DISTRIBUCIÓN, ETC.
Lugar de publicación, distribución, etc. México
Nombre del editor, distribuidor, etc. Comisión Nacional Bancaria de México
Fecha de publicación, distribución, etc. 1952
300 ## - DESCRIPCIÓN FÍSICA
Extensión 137 p.
Otras características físicas il., gráficas
Dimensiones 24 cm.
500 ## - NOTA GENERAL
Nota general I144
650 14 - PUNTO DE ACCESO ADICIONAL DE MATERIA--TÉRMINO DE MATERIA
Término de materia o nombre geográfico como elemento de entrada Valoración
9 (RLIN) 16926
650 14 - PUNTO DE ACCESO ADICIONAL DE MATERIA--TÉRMINO DE MATERIA
Término de materia o nombre geográfico como elemento de entrada Comisión Nacional Bancaria
9 (RLIN) 16927
902 ## - CATALOGADOR
Iniciales GFM
942 ## - ELEMENTOS DE PUNTO DE ACCESO ADICIONAL (KOHA)
Fuente del sistema de clasificación o colocación Library of Congress Classification
Tipo de ítem Koha Libros
Holdings
Estado de retiro Estado de pérdida Estado dañado No para préstamo Localización permanente Ubicación/localización actual Fecha de adquisición Número de inventario Total de préstamos Signatura topográfica completa Código de barras Fecha visto por última vez Precio válido a partir de Tipo de ítem Koha
El ejemplar forma parte de la colección y puede ser consultado según las políticas vigentes.       Biblioteca del Museo Franz Mayer (Rogerio Casas-Alatriste) Biblioteca del Museo Franz Mayer (Rogerio Casas-Alatriste) 31/10/2011 I144   HG4028 .V3 E88 1952 (I144) 7234 22/03/2019 22/03/2019 Libros